THE World of Cities Places in Comparative and Historical Perspective (Record no. 3707)

MARC details
000 -LEADER
fixed length control field 00421nam a22001577a 4500
003 - CONTROL NUMBER IDENTIFIER
control field OSt
005 - DATE AND TIME OF LATEST TRANSACTION
control field 20210914113651.0
008 - FIXED-LENGTH DATA ELEMENTS--GENERAL INFORMATION
fixed length control field 210914b |||||||| |||| 00| 0 eng d
020 ## - INTERNATIONAL STANDARD BOOK NUMBER
International Standard Book Number 0631210261
040 ## - CATALOGING SOURCE
Original cataloging agency HU
Transcribing agency DDC
082 ## - DEWEY DECIMAL CLASSIFICATION NUMBER
Classification number 307.76/ORU
245 ## - TITLE STATEMENT
Title THE World of Cities Places in Comparative and Historical Perspective
260 ## - PUBLICATION, DISTRIBUTION, ETC.
Place of publication, distribution, etc. New York
Name of publisher, distributor, etc. Blackwell
Date of publication, distribution, etc. 2003
300 ## - PHYSICAL DESCRIPTION
Extent xi.180P,20CM
Other physical details ill
942 ## - ADDED ENTRY ELEMENTS (KOHA)
Source of classification or shelving scheme Dewey Decimal Classification
Koha item type Books like text book referance book
Suppress in OPAC No
Holdings
Withdrawn status Lost status Source of classification or shelving scheme Damaged status Not for loan Home library Current library Shelving location Date acquired Total Checkouts Full call number Barcode Date last seen Copy number Price effective from Koha item type
    Dewey Decimal Classification     Law & Governance lLbrary Law & Governance lLbrary General Stacks 09/14/2021   307.76 LGCLIB0000312 09/14/2021 C1 09/14/2021 Books like text book referance book
    Dewey Decimal Classification     Law & Governance lLbrary Law & Governance lLbrary General Stacks 09/14/2021   307.76/ORU LGCLIB0000313 09/14/2021 C2 09/14/2021 Books like text book referance book
    Dewey Decimal Classification     Law & Governance lLbrary Law & Governance lLbrary General Stacks 09/14/2021   307.76/ORU LGCLIB0000314 09/14/2021 C3 09/14/2021 Books like text book referance book
    Dewey Decimal Classification     Law & Governance lLbrary Law & Governance lLbrary General Stacks 09/14/2021   3o7.76/ORU LGCLIB0000315 09/14/2021 C4 09/14/2021 Books like text book referance book
    Dewey Decimal Classification     Law & Governance lLbrary Law & Governance lLbrary General Stacks 09/14/2021   307.76/ORU LGCLIB0000316 09/14/2021 C5 09/14/2021 Books like text book referance book